000
00304nam a22001337a 4500
008
180119b xxu||||| |||| 00| 0 eng d
020
_a
9780976071303
041
_a
eng
080
_a
371
100
_a
46
101
_a
EDU
245
_a
The Little Blue Book of Big Ideas
_c
Lovely, S.L
942
_2
udc
_c
BK
999
_c
40589
_d
40589